Normal view
MARC view
- Indian art
Entry Topical Term
001 - CONTROL NUMBER
- control field: 107293
003 - CONTROL NUMBER IDENTIFIER
- control field: NUST
005 - DATE AND TIME OF LATEST TRANSACTION
- control field: 20230120181133.0
008 - FIXED-LENGTH DATA ELEMENTS
- fixed length control field: 230120|| aca||aabn | a|a d
040 ## - CATALOGING SOURCE
- Original cataloging agency: NUST
- Transcribing agency: NUST
150 ## - HEADING--TOPICAL TERM
- Topical term or geographic name entry element: Indian art
- Geographic subdivision: West (U.S.)
670 ## - SOURCE DATA FOUND
- Source citation: Work cat.: (NUST)185236: Emmerling, Mary Ellisor. 107289, Mary Emmerling's American country West /, c1985.
